| 000 | 00736nam a2200253Ia 4500 | ||
|---|---|---|---|
| 003 | OSt | ||
| 005 | 20220924115518.0 | ||
| 006 | a|||||r|||| 00| 0 | ||
| 007 | ta | ||
| 008 | 220923b |||||||| |||| 00| 0 san d | ||
| 024 | _a40526 | ||
| 037 | _cTextual | ||
| 040 |
_aARTS _cARTS _bsan |
||
| 041 |
_2san _asan |
||
| 082 | _aO15:gxL00,1, M7 | ||
| 100 |
_aVisvesvara _9178553 |
||
| 245 | 0 | _aAlankara kaustubha | |
| 260 |
_aDelhi _bChaukhamba Sanskrit Prathishthan India _c1987 |
||
| 300 |
_a419,7p. _ccm. |
||
| 650 | _aSANSKRIT LITERATURE | ||
| 700 |
_a Pandurang Sivadatta Kashinath _9178554 |
||
| 942 |
_hO15:gxL00,1, M7 _cTEXL _2CC |
||
| 999 |
_c398665 _d398665 |
||